000 02406nam0a2200421 i 4500
001 RU\NLR\BIBL_A\010190546
005 20241115072959.0
010 _a9785835614028
_9500
021 _aRU
_b13-101490
035 _a(NILC)RuMoRGB-006711969
035 _a(NLR Aleph) 010190546
090 _a10195149
_c10195149
100 _a20140213d2013 km y0rusy50 ca
101 0 _arus
102 _aRU
105 _aa|||7||||01yy
200 1 _aСовременные образовательные технологии в естественнонаучном образовании
_eмонография
_f[к.п.н., доц. С. Б. Барашкина, канд. наук, доц. Л. П. Блохина, Т. Г. Фролова и др.]
_gпод общ. ред. к.п.н., доц. С. Б. Барашкиной и канд. наук, доц. Л. П. Блохиной
_gПенз. гос. ун-т, Пед. ин-т им. В. Г. Белинского [и др.]
210 _aПенза
_cПриволжский Дом знаний
_d2013
215 _a118 с.
_cил.
_d21
300 _aАвт. указаны на обороте тит.л.
300 _aВ надзаг. также: О-во "Знание" России, Приволж. Дом знаний
320 _aБиблиогр.: с. 113-116 (58 назв.)
606 _aЕстественные науки
_xПреподавание
_92165070
_3RU\NLR\AUTH\661302764
606 _aДошкольники
_xЭкологическое воспитание
_92108804
_3RU\NLR\AUTH\661274655
675 _a378.02:5
686 1 _aЧ426.23
686 1 _aЧ486.23
686 1 _aЧ411.352.27
700 1 _aБарашкина
_bС. Б.
_cканд. пед. наук
_gСветлана Борисовна
_9185688
_3RU\NLR\AUTH\770185739
701 1 _aБлохина
_bЛ. П.
_gЛилия Петровна
701 1 _4340
_aФролова
_bЕ. Ю.
_cпреподаватель, дошкольное образование
_gЕлена Юрьевна
_9131483
_3RU\NLR\AUTH\770131516
712 0 2 _4570
_aПензенский государственный университет
_bПедагогический институт им. В. Г. Белинского
_9826997
_3RU\NLR\AUTH\880580685
801 0 _aRU
_bRuMoRKP
_c20131216
_gRCR
801 2 _aRU
_bРГБ
_c20140114
_grcr
942 _cBOOK
980 _aNBR